| 000 | 00334nam a22001337a 4500 | ||
|---|---|---|---|
| 003 | SGT | ||
| 082 |
_a617.692 _bA14Y |
||
| 100 | _aYADAV, JAIVEER SINGH | ||
| 245 | _aAPPLICATION OF PIEZE SURGERY IN DENTISTRY | ||
| 260 |
_aDELHI NCR _bSGT UNIVERSITY GURUGRAM _c2014 |
||
| 300 | _a1-75 | ||
| 650 | _aPROSTHODONTICS | ||
| 942 |
_2ddc _cTH |
||
| 999 |
_c18935 _d18935 |
||